Interior decorating

Uloženo v:
Podrobná bibliografie
Hlavní autor: Miller, Duncan (autor)
Médium: Kniha
Jazyk:angličtina
Vydáno: Londres Studio 1937
Edice:How to do it Series
Témata:
Tagy: Přidat tag
Žádné tagy, Buďte první, kdo vytvoří štítek k tomuto záznamu!

MARC

LEADER 00000nam a2200000 a 4500
001 UCT0972
003 CL-VaPUC
008 960913e19370000UK |||||||||||||||||eng|d
082 0 4 |a 747.9  |b MIL  |2 21 
100 |a Miller, Duncan  |e autor  |9 369606 
245 1 0 |a Interior decorating 
300 |a 79 p 
942 |c BK 
945 |d 19960913 00:00:00  |a rleighto 
260 |a Londres  |b Studio  |c 1937 
650 0 |a decoración de interiores   |9 263422 
650 0 |a Artes decorativas  |9 266306 
650 0 |a Muebles  |9 266979 
650 0 |a Alfombras  |9 352879 
650 7 |a CORTINAS  |2 CL-VaPUC  |9 369607 
583 |a last modification  |c 19960913 00:00:00  |k Rodrigo Vera 
490 0 |a How to do it Series 
999 |c 251653  |d 251651 
952 |0 0  |1 0  |4 0  |6 747_900000000000000_MIL_1937  |7 0  |8 A  |9 270968  |a BIBARQ  |b BIBARQ  |d 2019-11-19  |i 3230686  |o 747.9 MIL 1937  |p 3230686  |r 2025-01-20  |w 2019-11-19  |y BK  |k ARQ